000 00479nam a22001817a 4500
003 MPLRDC
005 20220104143028.0
008 210129b ||||| |||| 00| 0 eng d
020 _a978-7-5452-1010-1
082 _a528.47 GSH v.46 2011
100 _a《故事会》编辑部 编
245 _a故事会
_c
250 _a一版一刷
260 _a中国
_b上海锦绣文章出版社
_c2011
300 _b90
650 _a青少年教育
942 _cBK
_o528.47 GSH v.46 2011
999 _c35936
_d35926